Vylikuvav [ta in.]

Bibliographic Details
Main Author: Lehdan, Ilja, 1932-2010 (Author)
Format: Article
Language:Ukrainian
Subjects:

MARC

LEADER 00000nab a2200000 a 4500
001 vtls000494320
003 SK-MaSNL
005 20260303004658.0
008 180130c1993 xo 0 ukr
015 |a SNBRB19rr/mm-uuuuu 
035 |a CL0494458 
040 |a SNKBUCL  |b slo  |c SNKBUCL  |e AACR2 
041 0 |a ukr 
044 |a xo  |c SK 
080 |a 883 (437.6)-1=83  |2 1981 
100 1 |a Lehdan, Ilja,  |d 1932-2010  |4 aut  |9 103419 
245 1 0 |a Vylikuvav [ta in.]  |c Illja Lehdan 
500 |a Ďalšie básne: Olimpiada. Perspektyva. Vybyvsja 
650 0 7 |a básne humoristické  |2 snkbucl  |9 893934 
655 7 |a články z novín a časopisov  |2 snkbucl  |9 267496 
655 7 |a články z odboru literárna veda a krásna literatúra  |2 snkbucl  |9 770045 
773 0 |t Nove žyttja  |g Roč. 43, č. 38 (1993), s. 4 
850 |a Slovenská národná knižnica v Martine  |a POA001 
852 |a SNK  |b KIS3GCP 
958 |a RK 
958 |a LX 
958 |a UK 
992 |a RBX 
999 |c 1578852  |d 1580782